000 00464nam a2200193Ia 4500
003 GCL
008 140319s9999 xx 000 0 eng d
040 _aGCL /
_cGCL
082 0 4 _aCH
_b523.111
_bN S
100 1 _aNAYER, JUDY
245 1 0 _aSPACE AT YOUR FINGERTIPS /
_cNAYER, JUDY
260 _a[S.N] :
_bMC CLANAHAN BOOK COMPANY ،
_c1993
650 0 4 _aSCIENCE
650 0 4 _aSPACE
650 0 4 _aMOON
650 0 4 _aSUN
650 0 4 _aSTARS
942 _2ddc
_cBK
999 _c14791
_d14791